Textkritische Untersuchungen über die mythologischen Scholien zu Homer's Ilias II. /

Elmentve itt :
Bibliográfiai részletek
Szerző: Ludwich Arthur
További közreműködők: Homeros
Dokumentumtípus: Cikk
Megjelent: 1901
Sorozat:Kolligátum
Kulcsszavak:Görög irodalom - eposz
Online Access:http://misc.bibl.u-szeged.hu/26874
LEADER 00613nab a2200181 i 4500
001 misc26874
005 20191111110614.0
008 171021s1901 hu o 0|| zxx d
040 |a SZTE Miscellanea Repozitórium  |b hun 
041 |a zxx 
100 1 |a Ludwich Arthur 
245 1 0 |a Textkritische Untersuchungen über die mythologischen Scholien zu Homer's Ilias  |h [elektronikus dokumentum] :  |b II. /  |c  Ludwich Arthur 
260 |c 1901 
300 |a 1-24 
490 0 |a Kolligátum 
695 |a Görög irodalom - eposz 
700 0 3 |a Homeros  
856 4 0 |u http://misc.bibl.u-szeged.hu/26874/1/019_018_001-024.pdf  |z Dokumentum-elérés